000 00790nam a2200229Ia 4500
003 GCL
005 20240530105345.0
008 140319s9999 xx 000 0 ara d
040 _aGCL /
_cGCL
082 0 4 _a361
_bا خ
100 1 _aاحمد خاطر
245 1 0 _aالخدمة الاجتماعية :
_b(نظرة تاريخية - مناهج الممارسة - المجالات) /
_cاحمد خاطر
260 _aالقاهرة :
_bالمكتب الجامعى الحديث
300 _a568 ص ؛
_c24 سم
650 0 4 _aالاسرة
650 0 4 _aالزواج
650 0 4 _aالعلاقات الاسرية
650 0 4 _aالخدمات الاجتماعية الحكومية
650 0 4 _aخدمة الجماعة
650 0 4 _aالاباء والابناء
942 _2ddc
_cBK
999 _c55260
_d55260